FUNÇÕES OXIGENADAS - Statistics

Estatísticas Gerais
  • Esse quiz foi jogado 37 vezes
  • A pontuação média é 6 de 10
Estatísticas das Respostas
Imagem Resposta % Correto
ácido carboxilico
85%
éter
85%
fenol
85%
alcool
81%
cetona
77%
éster
69%
aldeido
65%
enol
54%
hidrocarboneto
12%
sal carboxílico
4%
Nenhum quiz correspondente encontrado
Distribuição das Pontuações
Porcentagem de Pessoas com Cada Pontuação
Percentil de Números Respondidos
Sua Pontuação Histórica
Você não jogou esse quiz